00349nam a2200121Ia 4500008004100000041000800041082001700049100002300066245004500089260005100134300003100185365001100216240624s9999 xx 000 0 und d aeng a658.4092 PAR aPARKS SHARON DALOZ aLEADERSHIP CAN BE TAUGHT A BOLD APPROACH c2005aNew DelhibHarvard Business School Press axvi, : 287 : p. : cm. ; 24 cRSb38